• 首页
  • 本馆介绍
  • 公告通知
  • 最新文献
  • 馆藏检索
  • 电子资源
  • 读者导购
  • 参考咨询
  • 我的图书馆
  • 登录
  • 详细信息显示
  • 放入我的书架
  • 预约/预借图书
  • 作者相关作品
  • 分类相关作品
  • 丛书相关作品
  • 出版社相关作品

书目信息

  • 表格格式
  • 工作单格式
  • 卡片格式
题名:
山羊绒 山羊皮
    
 
作者: 鲁申 鲁东
分册:  
出版信息:   中国农业大学出版社  1997. 7
页数: 70页
开本: 32开
丛书名:
单 册:
中图分类: TS522
科图分类:
主题词: 皮革工业--原料
电子资源:
ISBN: 7-81002-867-7
000 00531nam0 2200193 45
001 0308271018
005 20030827105717.5
010    @a7-81002-867-7@dRMB5.00
100    @a20030827d1997 km y0chiy0120 ea
101    @achi
105    @a z 000yy
200 1  @a山羊绒 山羊皮@Ashan yang rong shan yang pi@f鲁申 鲁东@Flu shen lu dong
210    @c中国农业大学出版社@d1997. 7
215    @a70页@c无图表@d32开
606 0  @a皮革工业@x原料
690    @aTS522@v3
701  0 @a鲁申 鲁东
801    @aCN@b@c20030827
905    @aBZT@dTS522@e5
    
    山羊绒 山羊皮/鲁申 鲁东.-中国农业大学出版社,1997. 7
    70页:无图表;32开
    
    
    ISBN 7-81002-867-7:RMB5.00
    
●
相关链接 在五车中查询图书 在当当中查询图书 在豆瓣中查询图书


正题名:山羊绒 山羊皮     索取号:TS522/5         预约/预借

序号 登录号 条形码 馆藏地/架位号 状态 备注
1 80128   200052423   中心书库中库/ 中库025架A面7列2层44/ [索取号:TS522/5] 在馆    
2 80129   200052398   中心书库中库/ 中库025架A面7列2层45/ [索取号:TS522/5] 在馆    
3 80130   200052370   中心书库中库/ 中库025架A面7列2层41/ [索取号:TS522/5] 在馆    
4 80131   200052405   中心书库中库/ 中库025架A面7列2层42/ [索取号:TS522/5] 在馆    
5 80132   200052316   中心书库中库/ 中库025架A面7列2层47/ [索取号:TS522/5] 在馆    
6 80133   200052343   中心书库中库/ 中库025架A面7列2层46/ [索取号:TS522/5] 在馆    
7 80134   200052334   中心书库中库/ 中库025架A面7列2层49/ [索取号:TS522/5] 在馆    
8 80135   200052389   中心书库中库/ 中库025架A面7列2层48/ [索取号:TS522/5] 在馆    
9 80136   200052361   中心书库中库/ 中库025架A面7列2层43/ [索取号:TS522/5] 在馆    
山东省滨州职业学院图书馆 欢迎您!
大连网信软件有限公司© 版权所有